Hollywood actresses - Statistics

General Stats
  • This quiz has been taken 95 times
    44 since last reset
  • The average score is 12 of 16
Answer Stats
Picture Answer % Correct
Marilyn Monroe
100%
Elizabeth Taylor
97%
Audrey Hepburn
94%
Katherine Hepburn
92%
Grace Kelly
89%
Judy Garland
83%
Sophia Loren
83%
Ingrid Bergman
78%
Julie Andrews
75%
Lauren Bacall
69%
Rita Hayworth
67%
Joan Crawford
64%
Angela Lansbury
50%
Debbie Reynolds
47%
Betty White
44%
Janet Leigh
31%
No matching quizzes found
Score Distribution
Percent of People with Each Score
Percentile by Number Answered
Your Score History
You have not taken this quiz since the last reset